000 00910nam a22002892 4500
001 33316
003 BD-RjUL
005 20211209052003.0
008 140507t1976 ja 001 0 eng d
020 _a0870112686
035 _a(BD-RjUL)33407
040 _aDLC
_cDLC
_dEQO
_dBD-RjUL
_beng
041 _aeng
082 0 4 _a909.82
_bTOT 1976
100 1 _aToynbee, Arnold,
_d1889-1975.
_9101156
245 1 4 _aThe Toynbee-Ikeda dialogue :
_bman himself must choose /
_cArnold J. Toynbee, Daisaku Ikeda.
250 _a1st ed.
260 _aTokyo ;
_aNew York ;
_bKodansha International ;
_aNew York :
_bdistributed by Harper & Row,
_c1976.
300 _a348 p. ;
_c24 cm.
504 _aIncludes index.
650 0 _aCivilization, Modern
_y1950-
_96436
650 0 _aCivilization
_xPhilosophy.
_93440
700 1 _aIkeda, Daisaku.
_9101157
942 _2ddc
_cBK
999 _c33316
_d33316